|
|
|
|
| LEADER |
00000nam0a2200000 4500 |
| 001 |
322676 |
| 005 |
20250415174841.0 |
| 035 |
|
|
|a (RuTPU)RU\TPU\book\348235
|
| 090 |
|
|
|a 322676
|
| 100 |
|
|
|a 20161001d1974 k y0rusy50 ca
|
| 101 |
0 |
|
|a rus
|
| 102 |
|
|
|a RU
|
| 105 |
|
|
|a a z 001zy
|
| 200 |
1 |
|
|a Применение гидрогеохимического метода при поисках рудных месторождений
|e [сборник]
|f Всесоюзный научно-исследовательский институт гидрогеологии и инженерной геологии (ВСЕГИНГЕО) ; гл. ред. С. Р. Крайнов
|
| 210 |
|
|
|a Москва
|c Изд-во ВСЕГИНГЕО
|d 1974
|
| 215 |
|
|
|a 115 с.
|c ил.
|
| 225 |
1 |
|
|a Труды Всесоюзного научно-исследовательского института гидрогеологии и инженерной геологии (ВСЕГИНГЕО)
|v Вып. 71
|
| 320 |
|
|
|a Библиогр. в конце ст.
|
| 500 |
1 |
0 |
|a Труды Всесоюзного научно-исследовательского института гидрогеологии и инженерной геологии
|9 88877
|
| 606 |
1 |
|
|a Рудные месторождения
|x Поиски и разведка
|x Гидрохимический метод
|2 stltpush
|3 (RuTPU)RU\TPU\subj\25962
|9 49993
|
| 610 |
1 |
|
|a подземные воды
|
| 610 |
1 |
|
|a нормирование
|
| 610 |
1 |
|
|a обогащение
|
| 610 |
1 |
|
|a методики
|
| 610 |
1 |
|
|a аномалии
|
| 675 |
|
|
|a 553.3/.4:550.845
|v 4
|
| 702 |
|
1 |
|a Крайнов
|b С. Р.
|4 651
|
| 712 |
0 |
2 |
|a Всесоюзный научно-исследовательский институт гидрогеологии и инженерной геологии (ВСЕГИНГЕО)
|c (пос. Зеленый, Московская область)
|3 (RuTPU)RU\TPU\col\2061
|
| 801 |
|
1 |
|a RU
|b 63413507
|c 20161001
|
| 801 |
|
2 |
|a RU
|b 63413507
|c 20161018
|g RCR
|
| 850 |
|
|
|a 63413507
|
| 942 |
|
|
|c BK
|